| Tag |
First Indicator |
Second Indicator |
Subfields |
| LEADER |
00000cam a2200000Ia 4500 |
| 001 |
in00002780133 |
| 005 |
20151202171245.0 |
| 008 |
120605s2012 vaua b f000 0deng d |
| 035 |
|
|
|a (OCoLC)ocn781850043
|
| 040 |
|
|
|a AWC
|c AWC
|d GPO
|d MvI
|d UtOrBLW
|
| 043 |
|
|
|a n-us---
|
| 049 |
|
|
|a UDOC
|
| 074 |
|
|
|a 0383
|
| 086 |
0 |
|
|a D 214.2:D 71
|
| 245 |
0 |
4 |
|a The end of don't ask don't tell :
|b the impact in studies and personal essays by service members and veterans /
|c edited by J. Ford Huffman and Tammy S. Schultz.
|
| 264 |
|
1 |
|a Quantico, Va. :
|b Marine Corps University Press,
|c 2012.
|
| 300 |
|
|
|a xix, 254 pages :
|b color illustrations ;
|c 23 cm.
|
| 336 |
|
|
|a text
|b txt
|2 rdacontent
|
| 337 |
|
|
|a unmediated
|b n
|2 rdamedia
|
| 338 |
|
|
|a volume
|b nc
|2 rdacarrier
|
| 500 |
|
|
|a Shipping List Date: 05/29/2012
|
| 504 |
|
|
|a Includes bibliographical references.
|
| 505 |
0 |
|
|a Introduction / J. Ford Huffman and Tammy S. Schultz -- Pt. One. The reports. After repeal : lessons from foreign militaries / Nora Bensahel -- The case for military family readiness : support for the committed same-sex partners and families of gay service members / Thomas Dolan and Randall J. Biggs -- An analysis of opinion : the impact of "don't ask don't tell", its repeal, and the proposed plan to implement the repeal / Darrel L. Choat -- It's time to redefine the Marine warrior / Alasdair B. G. Mackay -- Pt. Two. The essays. Introduction to the essays / J. Ford Huffman -- To think critically and creatively, to dare to know / Michael F. Belcher -- Serving while openly gay. Coming out in 1993 and serving as a gay Marine / Justin Crockett Elzie -- An openly gay Navy officer for four years / R. Dirk Selland -- Women at war. I represent the people whose voices aren't heard / Vernice Armour -- A high five instead of a kiss / Kristen Kavanaugh -- In a combat zone I was worried that I would be found out / Julianne H. Sohn -- Return to duty. Gay troops will continue to conduct themselves with honor / Antonio G. Agnone -- I hope to resume my career as an officer and a leader / Michael D. Almy -- A law that said I am not good enough to serve / David Hall -- Repeal is a testament to the core values of the United STates / Joseph Christopher Rocha -- One of my best friends. Of 5,936 floggings, only 5 for "homosexual offenses" / Mark D. Faram -- Joe's story is the one I tell most often / Seth Moulton -- At ease with myself. I allowed law to compromise honor, courage, commitment / Darrel L. Choat -- It is possible that someone in the room is gay / Dirk Diener -- Coming out to a fellow Marine was no big deal / Brian Fricke -- "Buck up and serve honorably" / Justin H. Johnson -- After a first salute to two new officers, devastation / Ed Luna -- The moral dilemma of honor and deception / Alasdair B. G. Mackay -- Investigated 17 times in 23 years of service / Kristen L. Tobin -- A legacy of the holocaust, Normandy, and Vietnam / Stacy J. Vasquez -- Marching forward. A time to empower gay troops to speak for themselves / Lara A. Ballard -- The knife is out of their backs / Michelle M. Benecke -- Reactions from indifference to open support / David Cogdill -- The law magnified a cultural barrier / Andrew Harris -- Services will get on with the business at hand / Brendan P. Kearney.
|
| 500 |
|
|
|a Shipping list number: 2012-0277-P.
|
| 650 |
|
0 |
|a Gay military personnel
|z United States
|v Biography.
|
| 650 |
|
0 |
|a Gay military personnel
|z United States
|x Public opinion.
|
| 650 |
|
0 |
|a Gay military personnel
|x Research
|z United States.
|
| 700 |
1 |
|
|a Huffman, J. Ford.
|
| 700 |
1 |
|
|a Schultz, Tammy S.
|
| 710 |
2 |
|
|a Marine Corps University (U.S.).
|b Press.
|
| 776 |
0 |
8 |
|i Online version:
|t End of don't ask don't tell
|w (OCoLC)794557229
|
| 948 |
|
|
|a cataloged
|b h
|c 2012/6/28
|d c
|e tsivage
|f 11:38:54 am
|
| 999 |
|
|
|a MARS
|
| 999 |
f |
f |
|s 1a97b733-79f1-3450-b502-b5ba8c998c6f
|i add27ac9-65f8-313a-90e0-797da683b9b1
|t 0
|
| 952 |
f |
f |
|p normal
|a Texas A&M University
|b College Station
|c Sterling C. Evans Library
|d Evans: US Documents (Annex 5th floor)
|t 0
|e D 214.2:D 71
|h Superintendent of Documents classification
|i unmediated -- volume
|m A14839356972
|
| 998 |
f |
f |
|a D 214.2:D 71
|t 0
|l Evans: US Documents (Annex 5th floor)
|